Knowledge masters: (Record no. 298)

MARC details
000 -LEADER
fixed length control field 00701nam a22002057a 4500
001 - CONTROL NUMBER
control field 298
003 - CONTROL NUMBER IDENTIFIER
control field FISKH
005 - DATE AND TIME OF LATEST TRANSACTION
control field 20250911101855.0
008 - FIXED-LENGTH DATA ELEMENTS--GENERAL INFORMATION
fixed length control field 230317b cb ||||| |||| 00| 0 eng d
040 ## - CATALOGING SOURCE
Original cataloging agency FISKH
Language of cataloging eng
Transcribing agency FISKH
Modifying agency FISKH
082 ## - DEWEY DECIMAL CLASSIFICATION NUMBER
Classification number 592
100 ## - MAIN ENTRY--PERSONAL NAME
Personal name Legg, Gerald
245 ## - TITLE STATEMENT
Title Knowledge masters:
Remainder of title Minibeasts /
Statement of responsibility, etc. Written by Gerald Legg
300 ## - PHYSICAL DESCRIPTION
Extent 32 p.
Dimensions 28 cm.
505 ## - FORMATTED CONTENTS NOTE
Formatted contents note F
520 ## - SUMMARY, ETC.
Summary, etc. - A perfect aid for school projects or homework tasks.- Contains interactive CD-ROMS and the latest internet links to bring the text to life.- Striking full-colour illustrations to grab and keep the child's attention.
521 8# - TARGET AUDIENCE NOTE
Target audience note 400 <br/>
Source Lexile
521 8# - TARGET AUDIENCE NOTE
Target audience note F <br/>
Source Raz-Plus
942 ## - ADDED ENTRY ELEMENTS (KOHA)
Source of classification or shelving scheme Dewey Decimal Classification
Koha item type Books
Suppress in OPAC No
Holdings
Withdrawn status Lost status Source of classification or shelving scheme Damaged status Not for loan Collection Home library Current library Shelving location Date acquired Total Checkouts Full call number Barcode Date last seen Date last checked out Copy number Price effective from Koha item type
    Dewey Decimal Classification     Non-Fiction Footprints International School Library Network Toul Kork Campus Footprints International School Library Network Toul Kork Campus TK Primary Library Room(4th Floor), Bookcase 1&2, Shelves 1-16, Dark Blue Books 03/17/2023 4 LEG 592 2023-0038 04/02/2025 03/19/2025 1 03/17/2023 Books
    Dewey Decimal Classification     Non-Fiction Footprints International School Library Network Toul Tom Poung Campus Footprints International School Library Network Toul Tom Poung Campus TTP Primary Dark Blue Bookshelves 09/11/2025   LEG 592 FIS01362 09/11/2025   2 09/11/2025 Books